LEADER 00927nam0-22002891i-450 001 990008034150403321 005 20200515125659.0 010 $a88-14-10333-X 035 $a000803415 035 $aFED01000803415 100 $a20050331d2003----km-y0itay50------ba 101 0 $aita 102 $aIT 105 $aa---n---001yy 200 1 $aAlberico Gentili$ela soluzione pacifica delle controversie internazionali$eatti del Convegno, nona Giornata gentiliana, San Ginesio, 29-30 settembre 2000 210 $aMilano$cGiuffrè$d2003 215 $a268 p., [11] c. di tav.$eill.$d23 cm 676 $a341$v21$zita 710 12$aGiornata gentiliana$d<9. ;$f2000 ;$eSan Ginesio>$0301852 712 02$aCentro internazionale di studi gentiliani 801 0$aIT$bUNINA$gRICA$2UNIMARC 901 $aBK 912 $a990008034150403321 952 $aE 74$bs.i.$fDSI 959 $aDSI 996 $aAlberico Gentili$9755453 997 $aUNINA LEADER 02495nam 2200613 450 001 9910478882403321 005 20170822144308.0 010 $a1-4704-0318-8 035 $a(CKB)3360000000464909 035 $a(EBL)3114456 035 $a(SSID)ssj0000976566 035 $a(PQKBManifestationID)11526792 035 $a(PQKBTitleCode)TC0000976566 035 $a(PQKBWorkID)11019898 035 $a(PQKB)11561321 035 $a(MiAaPQ)EBC3114456 035 $a(PPN)195416112 035 $a(EXLCZ)993360000000464909 100 $a20010427h20012001 uy| 0 101 0 $aeng 135 $aur|n|---||||| 181 $ctxt 182 $cc 183 $acr 200 10$aStrong boundary values, analytic functionals, and nonlinear Paley-Wiener theory /$fJean-Pierre Rosay, Edgar Lee Stout 210 1$aProvidence, Rhode Island :$cAmerican Mathematical Society,$d[2001] 210 4$d©2001 215 $a1 online resource (109 p.) 225 1 $aMemoirs of the American Mathematical Society,$x0065-9266 ;$vnumber 725 300 $a"Volume 153, number 725 (first of 5 numbers)." 311 $a0-8218-2712-X 320 $aIncludes bibliographical references (pages 91-93) and index. 327 $a""Contents""; ""1. Introduction""; ""2. Preliminaries on Analytic Functionals and Hyperfunctions""; ""2A. Appendix on Good Compact Sets""; ""3. Analytic Functionals as Boundary Values""; ""4. Nonlinear Paley-Wiener Theory""; ""5. Strong Boundary Values""; ""6. Strong Boundary Values for the Solutions of Certain Partial Differential Equations""; ""7. Comparison With Other Notions of Boundary Values""; ""8. Boundary Values Via Cousin Decompositions""; ""9. The Schwarz Reflection Principle""; ""References""; ""Index of Notation"" 410 0$aMemoirs of the American Mathematical Society ;$vno. 725. 606 $aAnalytic functions 606 $aFunctionals 606 $aBoundary value problems 606 $aHyperfunctions 608 $aElectronic books. 615 0$aAnalytic functions. 615 0$aFunctionals. 615 0$aBoundary value problems. 615 0$aHyperfunctions. 676 $a510 s 676 $a515 700 $aRosay$b Jean-Pierre$f1945-$0987759 702 $aStout$b Edgar Lee$f1938- 801 0$bMiAaPQ 801 1$bMiAaPQ 801 2$bMiAaPQ 906 $aBOOK 912 $a9910478882403321 996 $aStrong boundary values, analytic functionals, and nonlinear Paley-Wiener theory$92258315 997 $aUNINA